iloveitiloveitiloveit by Bella Kay (Full Lyrics) - Statistics

General Stats
  • This quiz has been taken 124 times
  • The average score is 305 of 368
Answer Stats
Answer % Correct
a
100%
I
100%
it
99%
me
99%
mean
99%
you
97%
do
96%
Do
96%
like
96%
have
95%
love
95%
be
93%
to
93%
I'm
92%
Oh
91%
you're
91%
You're
91%
we
89%
We
89%
But
86%
but
86%
go
86%
I'd
86%
used
86%
being
85%
cause
85%
good
85%
real
85%
and
84%
bad
84%
into
84%
lying
84%
means
84%
purpose
84%
Baby
82%
idea
82%
time
82%
fuck
81%
if
81%
that
81%
the
81%
when
81%
about
80%
couple
80%
didn't
80%
maybe
80%
minutes
80%
said
80%
shut
80%
at
78%
don't
78%
Don't
78%
fight
78%
says
78%
out
77%
too
77%
earn
76%
get
76%
It's
76%
it's
76%
little
76%
things
76%
what
76%
from
74%
fragile
73%
let
72%
decide
70%
never
70%
relapsing
70%
yours
70%
been
69%
fate
69%
least
69%
mine
69%
I've
66%
Heads
64%
heads
64%
easy
61%
tell
61%
tails
59%
truth
59%
far
58%
Let's
58%
deciphering
57%
earnest
57%
gotta
57%
first
53%
last
53%
perfect
53%
could
51%
hard
51%
Can
50%
remember
50%
taking
50%
always
47%
happens
46%
just
46%
happened
45%
sometimes
45%
relax
43%
this
43%
Is
38%
imagine
36%
only
36%
under
36%
key
35%
mat
35%
loved
34%
moon
34%
still
34%
Ooh
16%
Yeah
15%
lasso
8%
No matching quizzes found
Score Distribution
Percent of People with Each Score
Percentile by Number Answered
Your Score History
You have not taken this quiz